[Event "136689 14th Rakosmente Open"]
[Site "1174 Szabadság utca 24. I. em"]
[Date "2016.05.28"]
[Round "2.11"]
[White "Czimer, Jozsef"]
[Black "Bilku, Andras"]
[Result "1/2-1/2"]
[WhiteElo "1733"]
[BlackElo "1532"]
[PlyCount "74"]
[EventDate "2016.05.27"]

1. e4 c6 2. d4 d5 3. Nc3 dxe4 4. Nxe4 Bf5 5. Ng3 Bg6 6. h4 h6 7. h5 Bh7 8. Nf3
Nd7 9. Bd3 Bxd3 10. Qxd3 Ngf6 11. Bd2 e6 12. O-O-O Be7 13. Kb1 O-O 14. c4 Qc7
15. Ne4 Nxe4 16. Qxe4 Nf6 17. Qe2 a5 18. Ne5 Nd7 19. f4 Nxe5 20. dxe5 Rfb8 21.
Be3 b5 22. Rc1 b4 23. Rhd1 a4 24. Rd3 b3 25. a3 Rd8 26. Rcd1 Rxd3 27. Rxd3 Rd8
28. Qd2 Rxd3 29. Qxd3 Qd8 30. Qxd8+ Bxd8 31. Bc5 f6 32. Bd4 fxe5 33. Bxe5 Bf6
34. Kc1 Bxe5 35. fxe5 g6 36. g4 gxh5 37. gxh5 c5 1/2-1/2

[Event "136689 14th Rakosmente Open"]
[Site "1174 Szabadság utca 24. I. em"]
[Date "2016.05.28"]
[Round "2.12"]
[White "Virag, Balint"]
[Black "Forgacs, Attila Jr"]
[Result "1-0"]
[WhiteElo "1708"]
[BlackElo "1663"]
[PlyCount "35"]
[EventDate "2016.05.27"]

1. e4 e5 2. Nc3 Nf6 3. f4 d5 4. fxe5 Nxe4 5. d3 Nxc3 6. bxc3 Be6 7. Nf3 Be7 8.
d4 O-O 9. Bd3 c5 10. O-O Nc6 11. Be3 b6 12. Qe1 Qd7 13. Qg3 Kh8 14. Ng5 Bxg5
15. Bxg5 c4 16. Bxh7 Kxh7 17. Bf6 Bg4 18. Rf4 1-0

[Event "136689 14th Rakosmente Open"]
[Site "1174 Szabadság utca 24. I. em"]
[Date "2016.05.28"]
[Round "2.13"]
[White "Filep, Gyorgy Dr"]
[Black "Monduk, Ferenc"]
[Result "0-1"]
[WhiteElo "1459"]
[BlackElo "1485"]
[PlyCount "48"]
[EventDate "2016.05.27"]

1. e4 e6 2. d4 d5 3. exd5 exd5 4. Be3 Nf6 5. Nc3 Bb4 6. Nf3 O-O 7. Bd3 Bg4 8.
O-O Nbd7 9. a3 Bd6 10. Bg5 c6 11. Re1 Qc7 12. h3 Bh5 13. Bxf6 Nxf6 14. Be2 Rae8
15. Ne5 Bxe5 16. Bxh5 Nxh5 17. dxe5 Rxe5 18. Rxe5 Qxe5 19. Qd2 Re8 20. Kf1 Qh2
21. Ne2 h6 22. Qc3 Nf4 23. Qg3 Qh1+ 24. Ng1 Ne2 0-1

[Event "136689 14th Rakosmente Open"]
[Site "1174 Szabadság utca 24. I. em"]
[Date "2016.05.28"]
[Round "2.14"]
[White "Timko, Gyula"]
[Black "Kapicakova, Lucia"]
[Result "0-1"]
[WhiteElo "1612"]
[BlackElo "1339"]
[PlyCount "68"]
[EventDate "2016.05.27"]

1. c4 Nf6 2. Nc3 g6 3. d4 Bg7 4. e4 d6 5. f3 c6 6. Be3 Nbd7 7. Nge2 O-O 8. Ng3
e5 9. Be2 Qe7 10. O-O c5 11. d5 a6 12. a4 Ne8 13. Bd3 f6 14. Qd2 Rf7 15. Bc2
Nc7 16. a5 Qf8 17. Nce2 Ne8 18. Rab1 b6 19. b3 Rb8 20. axb6 Nxb6 21. f4 exf4
22. Nxf4 Bh6 23. h4 Bg4 24. Bd1 Bxd1 25. Rfxd1 Rfb7 26. Ne6 Bxe3+ 27. Qxe3 Qe7
28. h5 Nc7 29. Nf4 Nxc4 30. Qc3 Ne5 31. Rf1 Rf8 32. hxg6 hxg6 33. Nge2 Qh7 34.
Qg3 g5 {...} 0-1

[Event "136689 14th Rakosmente Open"]
[Site "1174 Szabadság utca 24. I. em"]
[Date "2016.05.28"]
[Round "2.15"]
[White "Filep, Tibor"]
[Black "Makrai, Bence"]
[Result "1-0"]
[WhiteElo "1391"]
[BlackElo "1453"]
[PlyCount "45"]
[EventDate "2016.05.27"]

1. e4 c6 2. d4 d5 3. e5 Bf5 4. Nf3 e6 5. Bd3 Bg6 6. Be3 Nd7 7. O-O c5 8. c3
Bxd3 9. Qxd3 Be7 10. Nbd2 c4 11. Qc2 h5 12. b3 b5 13. a4 bxa4 14. bxc4 dxc4 15.
Nxc4 g5 16. Rxa4 Nh6 17. Nd6+ Bxd6 18. exd6 Qb6 19. Qe4 Rd8 20. Bxg5 Rc8 21.
Be7 Rxc3 22. d5 Rc8 23. dxe6 1-0

[Event "136689 14th Rakosmente Open"]
[Site "1174 Szabadság utca 24. I. em"]
[Date "2016.05.28"]
[Round "2.16"]
[White "Palczert, Hajnalka"]
[Black "Geresdi-Horvath, Agoston"]
[Result "1-0"]
[WhiteElo "1410"]
[BlackElo "1327"]
[PlyCount "161"]
[EventDate "2016.05.27"]

1. e4 c6 2. d4 d5 3. exd5 cxd5 4. c4 e6 5. c5 Nf6 6. Nc3 Nc6 7. Nf3 Be7 8. Be2
O-O 9. O-O Bd7 10. Bf4 Nh5 11. Qd2 Nxf4 12. Qxf4 Bf6 13. Rad1 a6 14. a3 Ne7 15.
Rfe1 Bc6 16. Bd3 b6 17. Qd2 bxc5 18. dxc5 Qc7 19. b4 Qb7 20. Be2 Rfd8 21. Qc2
Nf5 22. Nb1 d4 23. h3 Be4 24. Qb3 e5 25. Nbd2 Bd5 26. Bc4 Bxf3 27. Nxf3 e4 28.
Nh2 e3 29. Ng4 exf2+ 30. Nxf2 Ne3 31. Bf1 Nxd1 32. Qxd1 Bh4 33. Qd2 Bxf2+ 34.
Qxf2 Qd5 35. Be2 Ra7 36. Rd1 g6 37. Qg3 Qe4 38. Bd3 Qe3+ 39. Qxe3 dxe3 40. Kf1
Kg7 41. Ke2 Kf6 42. Rf1+ Ke6 43. Kxe3 Kd5 44. Rd1 Re8+ 45. Kf3 Ke6 46. Bc4+ Ke7
47. Re1+ Kd8 48. Rd1+ Kc8 49. Rd6 a5 50. Ba6+ Kc7 51. b5 Kb8 52. c6 Ree7 53.
Bb7 Raxb7 54. cxb7 Rxb7 55. a4 Rc7 56. Rb6+ Kc8 57. Ra6 Rc3+ 58. Kf2 Rc2+ 59.
Kg3 Rc3+ 60. Kh2 Kb7 61. Rxa5 Rc5 62. Ra6 Rc4 63. Kg3 f5 64. Kf3 g5 65. Rh6
Rxa4 66. Rxh7+ Kb6 67. Rg7 Ra3+ 68. Kf2 g4 69. h4 Ra8 70. Rg5 Kxb5 71. Rxf5+
Kc6 72. Rf4 Kd6 73. Kg3 Ke5 74. Kxg4 Rg8+ 75. Kf3 Rg7 76. g4 Ra7 77. g5 Ra8 78.
Kg4 Ra1 79. Rf8 Rg1+ 80. Kh5 Rh1 81. g6 1-0

[Event "136689 14th Rakosmente Open"]
[Site "?"]
[Date "2016.05.28"]
[Round "3.1"]
[White "Bodrogi, Mihaly"]
[Black "Kormos, Adam"]
[Result "0-1"]
[WhiteElo "2014"]
[BlackElo "2173"]
[PlyCount "132"]
[EventDate "2016.??.??"]
[SourceDate "2016.06.01"]

1. d4 d6 2. Nf3 Nf6 3. Nbd2 c5 4. e4 cxd4 5. Nxd4 Nc6 6. Nxc6 bxc6 7. Bd3 e5 8.
O-O Be7 9. Re1 O-O 10. Nf1 Qc7 11. Ng3 d5 12. Qe2 d4 13. Bc4 Bg4 14. f3 Be6 15.
Bxe6 fxe6 16. Qc4 Qd7 17. Bd2 Rab8 18. b3 Ne8 19. a4 Nd6 20. Qd3 c5 21. Reb1 c4
22. bxc4 Rxb1+ 23. Rxb1 Qxa4 24. Rb4 Qa1+ 25. Nf1 a5 26. Rb3 Nc8 27. Rb5 a4 28.
c3 a3 29. Qc2 Nd6 30. Rb1 d3 31. Qb3 Qxb1 32. Qxb1 Nxc4 33. Qa2 Bc5+ 34. Kh1
Nxd2 35. Nxd2 Kf7 36. g3 Kf6 37. Kg2 g5 38. g4 h5 39. h3 hxg4 40. hxg4 Rf7 41.
Qc4 Be3 42. Nf1 Ra7 43. Qa2 Bc1 44. Kf2 Rb7 45. Qc4 Rb2+ 46. Kg1 a2 47. Qxd3
Be3+ 48. Kh1 Rb7 49. Qd8+ Kf7 50. Qd1 Ra7 51. Qa1 Bc1 52. Kg1 Bb2 53. Qxb2 a1=Q
54. Qb8 Qa5 55. Qh8 Qc5+ 56. Kg2 Ra2+ 57. Kh3 Qf2 58. Qh7+ Ke8 59. Qg8+ Kd7 60.
Qf7+ Kd6 61. Qf8+ Kc6 62. Qe8+ Kb6 63. Qxe6+ Ka7 64. Qd7+ Ka6 65. Qd6+ Qb6 66.
Qxe5 Qh6+ 0-1

[Event "136689 14th Rakosmente Open"]
[Site "?"]
[Date "2016.05.28"]
[Round "3.2"]
[White "Forgacs, Andras"]
[Black "Darazs, Zoltan"]
[Result "0-1"]
[WhiteElo "1618"]
[BlackElo "2133"]
[PlyCount "52"]

1. d4 Nf6 2. c4 g6 3. Nc3 d5 4. Bg5 Ne4 5. Nxe4 dxe4 6. e3 Bg7 7. b4 O-O 8. Qc2
h6 9. Bh4 g5 10. Bg3 e5 11. d5 f5 12. h3 a5 13. c5 axb4 14. Bc4 b6 15. Bb3 bxc5
16. Qxc5 Qd6 17. Qxd6 cxd6 18. Rc1 Na6 19. Rc6 Nc5 20. Rxd6 f4 21. Bh2 fxe3 22.
f4 exf4 23. Bc4 Ba6 24. Bxa6 Rxa6 25. Rxa6 Bc3+ 26. Ke2 Nxa6 0-1

[Event "136689 14th Rakosmente Open"]
[Site "?"]
[Date "2016.05.28"]
[Round "3.3"]
[White "Bilku, Andras"]
[Black "Torok, Tamas Titusz"]
[Result "0-1"]
[WhiteElo "1532"]
[BlackElo "2110"]
[PlyCount "80"]

1. d4 d5 2. c4 e5 3. dxe5 d4 4. Nf3 Nc6 5. a3 Bg4 6. Nbd2 Qe7 7. h3 Bh5 8. b4
O-O-O 9. g4 Bg6 10. Bg2 Nxe5 11. Nxe5 Qxe5 12. Nf3 Qe4 13. O-O Qc2 14. Qxc2
Bxc2 15. Ne5 Bg6 16. f4 f6 17. Nxg6 hxg6 18. c5 b6 19. cxb6 axb6 20. Rd1 c5 21.
bxc5 Bxc5 22. Kh2 Nh6 23. Kg3 Rhe8 24. Bf3 Nf7 25. Bb2 Nd6 26. Rac1 Kb8 27. Kg2
Ne4 28. Bxd4 Bxd4 29. Rc4 Nc3 30. Rdxd4 Rxd4 31. Rxd4 Nxe2 32. Ra4 Kc7 33. Ra7+
Kd6 34. Rxg7 Nxf4+ 35. Kg3 g5 36. h4 Ne6 37. Rf7 gxh4+ 38. Kxh4 Ke5 39. Kh5 Ng5
40. Bc6 Rh8+ 0-1

[Event "136689 14th Rakosmente Open"]
[Site "?"]
[Date "2016.05.28"]
[Round "3.4"]
[White "Kis, Bela"]
[Black "Fule, Simon"]
[Result "1-0"]
[WhiteElo "2061"]
[BlackElo "1639"]
[PlyCount "43"]

1. d4 Nf6 2. c4 c5 3. d5 e6 4. Nc3 exd5 5. cxd5 d6 6. e4 g6 7. f4 Bg7 8. Bb5+
Nbd7 9. e5 dxe5 10. fxe5 Nh5 11. e6 Qh4+ 12. g3 Nxg3 13. hxg3 Qxh1 14. Be3 a6
15. exd7+ Bxd7 16. Bxd7+ Kxd7 17. Qd2 Qh5 18. Na4 Rad8 19. Nxc5+ Kc8 20. Rc1
Kb8 21. Qb4 Qxd5 22. Nxa6+ 1-0

[Event "136689 14th Rakosmente Open"]
[Site "?"]
[Date "2016.05.28"]
[Round "3.5"]
[White "Forg�cs, Attila"]
[Black "Di Giovanni, Vilmos"]
[Result "1-0"]
[WhiteElo "2167"]
[BlackElo "1705"]
[PlyCount "107"]
[SourceDate "2016.06.01"]

1. e4 d5 2. exd5 Nf6 3. d4 Nxd5 4. c4 Nb6 5. Nf3 c6 6. h3 Bf5 7. Nc3 e6 8. Be2
Be7 9. O-O O-O 10. Be3 N8d7 11. Rc1 Nf6 12. Qb3 Qc8 13. Rfd1 Ne4 14. Nxe4 Bxe4
15. Nd2 Bf5 16. f4 Rd8 17. Nf3 c5 18. a4 Qc7 19. Kh1 Nd7 20. Qc3 Nf6 21. Qe1
Ne4 22. Bd3 b6 23. Bb1 Qb7 24. Bg1 cxd4 25. Bxd4 Bc5 26. b4 Be7 27. Bxe4 Bxe4
28. Qg3 f6 29. Bc3 Bxf3 30. Qxf3 Qxf3 31. gxf3 Rd6 32. Rd2 Rxd2 33. Bxd2 Rd8
34. Rc2 Rd4 35. Kg2 Bd6 36. Be3 Rd3 37. Rd2 Rxd2+ 38. Bxd2 Kf7 39. Kf2 Ke7 40.
Ke3 f5 41. Kd4 Kd7 42. c5 Bc7 43. Kc4 a6 44. b5 a5 45. cxb6 Bxb6 46. Bc3 g6 47.
Bd4 Bxd4 48. Kxd4 Kd6 49. Kd3 h6 50. Ke3 g5 51. fxg5 hxg5 52. f4 gxf4+ 53. Kxf4
Kd5 54. b6 1-0

[Event "136689 14th Rakosmente Open"]
[Site "?"]
[Date "2016.05.28"]
[Round "3.6"]
[White "Gubics, Peter"]
[Black "Csermely, Zoltan"]
[Result "1-0"]
[WhiteElo "2125"]
[BlackElo "1619"]
[PlyCount "51"]
[EventDate "2016.??.??"]

1. e4 d5 2. exd5 Qxd5 3. Nc3 Qa5 4. Nf3 Bg4 5. Be2 Nc6 6. d3 g6 7. Bd2 Bh6 8.
h3 Bxd2+ 9. Qxd2 Bxf3 10. Bxf3 Nd4 11. Bd1 f5 12. O-O O-O-O 13. a3 c5 14. Re1
h6 15. Re5 Qc7 16. Qe1 Rh7 17. b4 cxb4 18. axb4 Nc6 19. Rc5 Kb8 20. Bf3 Nf6 21.
Nb5 Qf4 22. Bxc6 bxc6 23. g3 cxb5 24. Rxb5+ Ka8 25. Rxa7+ Kxa7 26. Qa1# 1-0

[Event "136689 14th Rakosmente Open"]
[Site "?"]
[Date "2016.05.28"]
[Round "3.7"]
[White "Juhasz, Agoston"]
[Black "Palczert, Hajnalka"]
[Result "1-0"]
[WhiteElo "1854"]
[BlackElo "1410"]
[PlyCount "77"]
[EventDate "2016.??.??"]
[SourceDate "2016.06.01"]

1. e4 c5 2. Nf3 Nc6 3. c3 g6 4. d4 cxd4 5. cxd4 Bg7 6. Nc3 d6 7. h3 Nf6 8. Be3
O-O 9. Be2 d5 10. e5 Ne8 11. Qd2 f6 12. exf6 Nxf6 13. O-O-O Bf5 14. g4 Be6 15.
Ng5 Qd7 16. Nxe6 Qxe6 17. h4 Ne4 18. Nxe4 Qxe4 19. f3 Qe6 20. h5 Rac8 21. Kb1
Kf7 22. hxg6+ hxg6 23. Rde1 Ke8 24. Bh6 Bxh6 25. Rxh6 Qf6 26. Bb5 Kd8 27. Bxc6
Qxc6 28. Qg5 Qd7 29. Rh7 Re8 30. Re5 Kc7 31. Rxd5 Qe6 32. Qf4+ Kb6 33. Re5 Qc6
34. Qd2 Qxf3 35. Qa5+ Kc6 36. Qc5+ Kd7 37. Rhxe7+ Rxe7 38. Rxe7+ Kd8 39. Qd6#
1-0

[Event "136689 14th Rakosmente Open"]
[Site "?"]
[Date "2016.05.28"]
[Round "3.8"]
[White "Monduk, Ferenc"]
[Black "Palczert, Miklos Dr"]
[Result "0-1"]
[WhiteElo "1485"]
[BlackElo "1767"]
[PlyCount "84"]

1. d4 Nf6 2. c4 g6 3. Nc3 d5 4. cxd5 Nxd5 5. e4 Nxc3 6. bxc3 c5 7. Bc4 Bg7 8.
Ne2 O-O 9. O-O Nc6 10. Be3 Na5 11. Bd3 c4 12. Bc2 b5 13. a4 Bd7 14. axb5 Bxb5
15. Qb1 a6 16. Ba4 Bxa4 17. Rxa4 Qc7 18. Qa2 Nb3 19. Rxa6 Rxa6 20. Qxa6 Rb8 21.
Bf4 e5 22. Bxe5 Bxe5 23. dxe5 Qxe5 24. Qxc4 Nd2 25. Qd3 Nxf1 26. Kxf1 Qxh2 27.
Ng3 h5 28. Qd6 Rb1+ 29. Ke2 Qg1 30. Qd8+ Kh7 31. Qf6 Qd1+ 32. Ke3 Qc1+ 33. Kd3
Qd1+ 34. Ke3 Qd7 35. Qg5 Rd1 36. Qf6 Rd3+ 37. Kf4 Qc7+ 38. e5 Rxc3 39. Ne4 Rc4
40. Kf3 Qb7 41. Qh4 Qb3+ 42. Kf4 Rxe4+ 0-1

[Event "136689 14th Rakosmente Open"]
[Site "?"]
[Date "2016.05.28"]
[Round "3.9"]
[White "Safar, Istvan"]
[Black "Filep, Tibor"]
[Result "1/2-1/2"]
[WhiteElo "1758"]
[BlackElo "1391"]
[PlyCount "138"]
[SourceDate "2016.06.02"]

1. d4 Nf6 2. g3 e6 3. Bg2 d5 4. Nf3 Be7 5. O-O O-O 6. Re1 Nbd7 7. Nbd2 c5 8. c3
b6 9. e4 dxe4 10. Nxe4 Nxe4 11. Rxe4 Nf6 12. Re1 Bb7 13. Be3 Qc7 14. Qb3 c4 15.
Qc2 Nd5 16. Rad1 Rfe8 17. Re2 Bf6 18. Rde1 Rad8 19. Bc1 h6 20. a3 b5 21. Nd2 a5
22. Ne4 Be7 23. f4 b4 24. axb4 axb4 25. Bd2 Qb6 26. Kh1 Ra8 27. Rb1 Ra2 28. Qd1
Rea8 29. Qf1 Qa6 30. Ree1 bxc3 31. Nxc3 Nxc3 32. Bxc3 Bxg2+ 33. Qxg2 Bf6 34.
Qe4 Qb5 35. Red1 Qd5 36. Re1 Qxe4+ 37. Rxe4 Ra1 38. Ree1 Rxb1 39. Rxb1 Kf8 40.
Kg2 g5 41. Kf3 gxf4 42. Kxf4 Ke7 43. Re1 Rd8 44. Ke4 Rg8 45. Rd1 Kd6 46. Bb4+
Kc6 47. Bc3 Rg4+ 48. Kf3 h5 49. h3 Rg5 50. g4 Kd5 51. Kf4 Be7 52. Ra1 Kc6 53.
Ra6+ Kb7 54. Ra4 f5 55. gxf5 Rxf5+ 56. Ke4 Bd6 57. Rxc4 Rf4+ 58. Ke3 Rh4 59.
Ra4 Rxh3+ 60. Kf2 Rh2+ 61. Kg1 h4 62. Ra5 Re2 63. Rh5 Rh2 64. Be1 Rxb2 65. Rxh4
Rb1 66. Re4 Rd1 67. Kf1 Bg3 68. Rxe6 Bxe1 69. Rxe1 Rxd4 1/2-1/2

[Event "136689 14th Rakosmente Open"]
[Site "?"]
[Date "2016.05.28"]
[Round "3.10"]
[White "Solti, Gergely"]
[Black "Palczert, Matyas"]
[Result "0-1"]
[WhiteElo "1735"]
[BlackElo "1363"]
[PlyCount "74"]
[EventDate "2016.??.??"]

1. e4 c5 2. Nf3 d6 3. d4 cxd4 4. Bc4 Nf6 5. Qe2 Nc6 6. c3 Bg4 7. Bg5 Bxf3 8.
Qxf3 Ne5 9. Bb5+ Nfd7 10. Qe2 a6 11. Ba4 b5 12. Bb3 d3 13. Qh5 g6 14. Qh4 Bg7
15. Nd2 Nc6 16. O-O O-O 17. Bd5 Qc7 18. Rae1 e6 19. Bb3 a5 20. f4 a4 21. Bd1 a3
22. b3 Bxc3 23. f5 f6 24. fxg6 hxg6 25. Bh6 Rf7 26. Qg4 g5 27. Qxe6 Bxd2 28.
Bh5 Nde5 29. Rxf6 Nd4 30. Bxf7+ Kh7 31. Qd5 Ne2+ 32. Kh1 Bxe1 33. Bxg5 Qa7 34.
Rh6+ Kg7 35. Rg6+ Nxg6 36. Bf6+ Kf8 37. Qxd6+ Ne7 0-1

[Event "136689 14th Rakosmente Open"]
[Site "?"]
[Date "2016.05.28"]
[Round "3.12"]
[White "Szurkos, Andras"]
[Black "Virag, Balint"]
[Result "1-0"]
[WhiteElo "1639"]
[BlackElo "1708"]
[PlyCount "99"]

1. e4 e6 2. c4 d5 3. exd5 exd5 4. d4 dxc4 5. Bxc4 Bb4+ 6. Nc3 Nc6 7. d5 Qe7+ 8.
Nge2 Ne5 9. Bb5+ Bd7 10. O-O Nf6 11. Bg5 O-O 12. Bxd7 Nexd7 13. Re1 Qd6 14. Bf4
Qb6 15. Be3 Bc5 16. Na4 Qa5 17. Nxc5 Nxc5 18. a3 Ncd7 19. Nc3 Nb6 20. b4 Qa6
21. Bc5 Qc4 22. Bxf8 Qxc3 23. Bc5 Nbxd5 24. Bd4 Qc6 25. Rc1 Qa6 26. Qb3 Qd6 27.
Be5 Qd7 28. Bxf6 Nxf6 29. Rcd1 Qg4 30. h3 Qg5 31. Re7 Rf8 32. Rde1 Qf4 33. R7e5
h6 34. Qd3 Qh4 35. Qf3 b6 36. Qb7 Qc4 37. Qxa7 Qc6 38. Qa6 Ra8 39. Qd3 g6 40.
Qb3 Nh5 41. Re7 Rf8 42. Qe3 Ng7 43. Qe5 Ne6 44. Re3 h5 45. Rf3 Qc1+ 46. Kh2 Qh6
47. Qf6 Qg7 48. Qh4 Qe5+ 49. g3 Nd4 50. Re3 {...} 1-0

[Event "136689 14th Rakosmente Open"]
[Site "?"]
[Date "2016.05.28"]
[Round "3.13"]
[White "Kapicakova, Lucia"]
[Black "Tolnai, Jozsef"]
[Result "0-1"]
[WhiteElo "1339"]
[BlackElo "1756"]
[PlyCount "80"]

1. f4 d5 2. Nf3 g6 3. g3 Bg7 4. Bg2 Nf6 5. O-O O-O 6. c3 c5 7. d3 Nc6 8. Nbd2
Ng4 9. Re1 Ne3 10. Qa4 a6 11. c4 dxc4 12. dxc4 Bd7 13. Qb3 Nxg2 14. Kxg2 Qc7
15. Ne4 b6 16. Be3 Na5 17. Qc2 Bf5 18. Nfd2 Qc6 19. Kg1 Nb7 20. Kf2 Nd6 21. Kf3
Bxe4+ 22. Nxe4 f5 23. Kf2 Nxe4+ 24. Kf1 Rad8 25. Rad1 Rd6 26. Rd3 Rfd8 27. b3
Bd4 28. Bxd4 Rxd4 29. Red1 Rxd3 30. exd3 Nf6 31. Qf2 Ng4 32. Qg1 Qf3+ 33. Ke1
Rxd3 34. Rxd3 Qxd3 35. Qg2 Qb1+ 36. Ke2 Qxa2+ 37. Kf3 Qxb3+ 38. Ke2 Qb2+ 39.
Kf1 Ne3+ 40. Ke1 Nxg2+ 0-1

[Event "136689 14th Rakosmente Open"]
[Site "?"]
[Date "2016.05.28"]
[Round "3.14"]
[White "Forg�cs, Attila Jr"]
[Black "Lakatos, Tam�s"]
[Result "1/2-1/2"]
[WhiteElo "1663"]
[BlackElo "1837"]
[PlyCount "169"]
[SourceDate "2016.06.03"]

1. e4 c5 2. Nf3 e6 3. d4 cxd4 4. Nxd4 Nc6 5. Nb5 d6 6. N1c3 a6 7. Na3 Nf6 8.
Bg5 Be7 9. Nc4 d5 10. Bxf6 Bxf6 11. exd5 Bxc3+ 12. bxc3 exd5 13. Ne3 Be6 14.
Bd3 O-O 15. O-O Qd7 16. Re1 Rac8 17. Qd2 Ne7 18. Rad1 Qc6 19. Qe2 Qxc3 20. Qh5
g6 21. Qg5 Rc7 22. h4 d4 23. Ng4 Bxg4 24. Qxg4 Qc5 25. Re2 Nc6 26. Rde1 f6 27.
Qe6+ Kg7 28. Kh1 Rff7 29. Qg4 Ne5 30. Qg3 Nxd3 31. cxd3 Rfe7 32. Rxe7+ Rxe7 33.
Rxe7+ Qxe7 34. Qf3 h5 35. g3 Qc7 36. Kh2 b5 37. Qe2 a5 38. Qb2 Qb6 39. Kg2 Qb7+
40. Kg1 Qd7 41. Kg2 a4 42. a3 f5 43. Qd2 Qd6 44. Qb2 Qd5+ 45. Kh2 Kf6 46. Qb4
Kf7 47. Qa5 Qc5 48. Qd8 Qxa3 49. Qd5+ Kf8 50. Qd8+ Kf7 51. Qd5+ Ke7 52. Qb7+
Ke6 53. Qc8+ Kf7 54. Qb7+ Qe7 55. Qd5+ Kf8 56. Qxb5 a3 57. Qb8+ Kg7 58. Qb3 Qa7
59. Qa2 Qc5 60. Qb3 Qa7 61. Qa2 Qa6 62. Qc2 a2 63. Qc7+ Kf6 64. Qd8+ Ke6 65.
Qg8+ Kd7 66. Qf7+ Kc6 67. Qe6+ Kb7 68. Qd7+ Kb6 69. Qxd4+ Kc7 70. Qe5+ Qd6 71.
Qa5+ Kd7 72. Qxa2 Qxd3 73. Qf7+ Kd8 74. Qxg6 Qf3 75. Qb6+ Kd7 76. Qd4+ Kc8 77.
Qf4 Qxf4 78. gxf4 Kc7 79. Kg3 Kc6 80. Kf3 Kc5 81. Ke3 Kc4 82. Kd2 Kd4 83. f3
Kc4 84. Kc2 Kd4 85. Kd2 1/2-1/2

[Event "136689 14th Rakosmente Open"]
[Site "?"]
[Date "2016.05.28"]
[Round "3.15"]
[White "Horvath, Csaba"]
[Black "Filep, Gyorgy dr"]
[Result "1-0"]
[WhiteElo "1835"]
[BlackElo "1459"]
[PlyCount "27"]
[EventDate "2016.??.??"]

1. e4 e5 2. Nf3 Nc6 3. Bb5 Bc5 4. O-O Nf6 5. Re1 O-O 6. c3 Re8 7. d4 exd4 8. e5
Nd5 9. cxd4 Bb4 10. Bg5 f6 11. exf6 Nxf6 12. Rxe8+ Qxe8 13. Bxf6 gxf6 14. Bxc6
1-0

[Event "136689 14th Rakosmente Open"]
[Site "?"]
[Date "2016.05.28"]
[Round "3.16"]
[White "Makrai, Bence"]
[Black "Czimer, Jozsef"]
[Result "0-1"]
[WhiteElo "1453"]
[BlackElo "1733"]
[PlyCount "144"]
[EventDate "2016.??.??"]

1. d4 g6 2. c4 Bg7 3. Nc3 c5 4. Nf3 b6 5. Bf4 d6 6. e3 Nd7 7. Bg3 Ngf6 8. Qc2
O-O 9. Be2 Re8 10. O-O Nh5 11. Bh4 Ndf6 12. Rad1 Qc7 13. Ng5 h6 14. Nge4 Bf5
15. Bd3 Nxe4 16. Nd5 Qd7 17. Bxe4 Bxe4 18. Qxe4 g5 19. Bg3 f5 20. Qd3 cxd4 21.
Qe2 Nxg3 22. hxg3 e6 23. Nb4 dxe3 24. Qxe3 Bxb2 25. Rd2 Bf6 26. Rfd1 Be7 27.
Re2 Bf8 28. Rde1 Rac8 29. Qb3 Kf7 30. Nc2 Rc5 31. Nd4 Re5 32. Rxe5 dxe5 33. Nf3
Bg7 34. Nxe5+ Bxe5 35. Rxe5 Qd4 36. Re1 Re7 37. a4 Qc5 38. Qd3 Rc7 39. Qe2 Qxc4
40. Qh5+ Kg7 41. Qe8 Qc6 42. Qxe6 Qxe6 43. Rxe6 Rb7 44. Re5 Kf6 45. f4 Re7 46.
Rb5 Re1+ 47. Kf2 Ra1 48. Rb4 Ra2+ 49. Kf1 g4 50. Rc4 Ke6 51. Rd4 Rc2 52. Rb4
Kd5 53. a5 Kc6 54. axb6 axb6 55. Ra4 Kb5 56. Ra8 Kb4 57. Rb8 b5 58. Rb6 Rc5 59.
Rf6 Kc3 60. Ke1 Rd5 61. Rc6+ Kb3 62. Rb6 b4 63. Rc6 Kb2 64. Rb6 b3 65. Rc6 Kb1
66. Rb6 b2 67. Rc6 Ka2 68. Ra6+ Kb3 69. Rb6+ Kc3 70. Rb8 Rd4 71. Rc8+ Rc4 72.
Rb8 Kc2 0-1

[Event "136689 14th Rakosmente Open"]
[Site "?"]
[Date "2016.05.28"]
[Round "3.17"]
[White "Benyeda, Monika"]
[Black "Timko, Gyula"]
[Result "1/2-1/2"]
[WhiteElo "1402"]
[BlackElo "1612"]
[PlyCount "71"]

1. d4 b5 2. Nf3 Bb7 3. e3 a6 4. c4 b4 5. b3 g6 6. Qc2 Bg7 7. Be2 Nf6 8. Nbd2 d5
9. Bb2 O-O 10. O-O Nbd7 11. a3 a5 12. axb4 axb4 13. c5 c6 14. Rfc1 Qc7 15. Ne1
Rxa1 16. Rxa1 Ra8 17. Rxa8+ Bxa8 18. Nd3 Qa5 19. Nf3 Ne4 20. Nd2 f5 21. f4 Bb7
22. Nxe4 fxe4 23. Ne5 Nxe5 24. fxe5 Qa2 25. Kf2 Bc8 26. h3 Bh6 27. Bd1 Ba6 28.
Bc1 Qxc2+ 29. Bxc2 e6 30. Bd2 Bg5 31. Bxb4 Bd8 32. Bc3 Kf7 33. Bd1 Ke7 34. b4
Kd7 35. g3 Ke7 36. Ba4 1/2-1/2

[Event "136689 14th Rakosmente Open"]
[Site "?"]
[Date "2016.05.29"]
[Round "4.1"]
[White "Kormos, Adam"]
[Black "Darazs, Zoltan"]
[Result "1/2-1/2"]
[WhiteElo "2173"]
[BlackElo "2133"]
[PlyCount "86"]

1. e4 e5 2. Nf3 Nc6 3. Bb5 a6 4. Ba4 Nf6 5. O-O Be7 6. Qe2 b5 7. Bb3 O-O 8. c3
d6 9. d4 Bg4 10. Rd1 Qc8 11. a4 Na5 12. Bc2 Qb7 13. d5 c6 14. Na3 bxa4 15. Bg5
Nb3 16. dxc6 Qxc6 17. Bxb3 axb3 18. Bxf6 Bxf6 19. Qc4 Qb6 20. Qd5 Qc5 21. Qxb3
Rab8 22. Qc2 Bxf3 23. gxf3 Bg5 24. Qe2 Bf4 25. Nc4 Qc8 26. Kg2 Qd8 27. Ne3 Qg5+
28. Kh1 Bxe3 29. fxe3 f5 30. Rd2 fxe4 31. Qc4+ Kh8 32. Qxe4 d5 33. f4 exf4 34.
exf4 Rxf4 35. Qxd5 Qf6 36. Qg2 h6 37. Rg1 Rf5 38. Rd6 Qf7 39. Rg6 Rf2 40. Rxg7
Rxg2 41. Rxf7 Rxg1+ 42. Kxg1 Rxb2 43. Rf6 Rc2 1/2-1/2

[Event "136689 14th Rakosmente Open"]
[Site "?"]
[Date "2016.05.29"]
[Round "4.2"]
[White "Torok, Tamas Titusz"]
[Black "Kis, Bela"]
[Result "1/2-1/2"]
[WhiteElo "2110"]
[BlackElo "2061"]
[PlyCount "78"]

1. e4 d6 2. d4 Nf6 3. Nc3 g6 4. f4 Bg7 5. Nf3 O-O 6. Bd3 Na6 7. O-O c5 8. d5
Nc7 9. a4 b6 10. Bc4 Rb8 11. e5 Nfe8 12. h3 a6 13. Qe2 b5 14. axb5 axb5 15.
Nxb5 Nxb5 16. Bxb5 dxe5 17. fxe5 Qxd5 18. Bg5 Qb7 19. Bc4 Bf5 20. Rfe1 h6 21.
Be3 Qc7 22. Ra2 Bxe5 23. Bxh6 Bg7 24. Bxg7 Nxg7 25. Qxe7 Qxe7 26. Rxe7 Bxc2 27.
Ng5 Bb3 28. Bxb3 Rxb3 29. Raa7 Nf5 30. Rec7 Nh6 31. Ne4 Rxb2 32. Nxc5 Re8 33.
Re7 Rxe7 34. Rxe7 Nf5 35. Re8+ Kg7 36. Nd3 Rd2 37. Ne1 Kf6 38. Nf3 Rc2 39. Re1
Nd6 1/2-1/2

[Event "136689 14th Rakosmente Open"]
[Site "?"]
[Date "2016.05.29"]
[Round "4.3"]
[White "Palczert, Miklos dr"]
[Black "Forgacs, Attila"]
[Result "0-1"]
[WhiteElo "1767"]
[BlackElo "2167"]
[PlyCount "52"]

1. d4 Nf6 2. c4 e6 3. Nf3 c5 4. d5 b5 5. dxe6 fxe6 6. cxb5 Bb7 7. Bf4 d5 8. e3
Be7 9. Nc3 O-O 10. Bd3 d4 11. exd4 Nd5 12. Be5 Nd7 13. Qc2 h6 14. Ne4 Rxf3 15.
gxf3 Nxe5 16. dxe5 Nb4 17. Qb3 Nxd3+ 18. Kf1 Qd5 19. Qc2 c4 20. a4 Rc8 21. Rd1
Qxe5 22. Rg1 Bxe4 23. fxe4 Rf8 24. Rg2 Bc5 25. Rd2 Qxe4 26. Re2 Rxf2+ 0-1

[Event "136689 14th Rakosmente Open"]
[Site "?"]
[Date "2016.05.29"]
[Round "4.4"]
[White "Birovecz, Ben Jordan"]
[Black "Gubics, Peter"]
[Result "0-1"]
[WhiteElo "1732"]
[BlackElo "2125"]
[PlyCount "116"]
[SourceDate "2016.06.05"]

1. e4 e6 2. d4 d5 3. e5 c5 4. c3 Qb6 5. Nf3 Bd7 6. Na3 cxd4 7. cxd4 Ne7 8. Qb3
Qxb3 9. axb3 Nec6 10. Bd2 Nb4 11. Be2 N8c6 12. O-O Rc8 13. Rfc1 Be7 14. Nc2
Nxc2 15. Rxc2 O-O 16. b4 a6 17. b5 axb5 18. Bxb5 Nxd4 19. Rxc8 Nxf3+ 20. gxf3
Bxc8 21. Ra8 f6 22. f4 fxe5 23. fxe5 Bc5 24. Be1 g5 25. Kg2 Kg7 26. f3 Bd4 27.
Bb4 Rg8 28. Bc3 Bb6 29. Kf1 Rf8 30. Kg2 Rd8 31. Bb4 Kf7 32. Bd2 Bd4 33. Bxg5
Rg8 34. f4 h6 35. h4 hxg5 36. hxg5 Bxb2 37. Kf3 d4 38. g6+ Kg7 39. Ra2 Bc1 40.
Rg2 b6 41. Ke2 Bb7 42. Rg4 Be4 43. Bd3 Bxd3+ 44. Kxd3 Be3 45. Rg2 b5 46. Ke4
Rf8 47. Rb2 Rxf4+ 48. Kd3 Kxg6 49. Rxb5 Kf5 50. Rc5 Re4 51. Rb5 Rxe5 52. Rxe5+
Kxe5 53. Ke2 Ke4 54. Kd1 Kd3 55. Ke1 Kc2 56. Ke2 d3+ 57. Kxe3 d2 58. Ke4 d1=Q
0-1